Prehľad aktuálnej judikatúry Všeobecného súdu EÚ v oblasti práva ochranných známok

Niektoré zaujímavé judikáty Všeobecného súdu EÚ v oblasti práva ochranných známok. Výber sleduje aktuálne rozsudky, ktoré sa zaoberajú procesnými otázkami, ale tiež rozsudky, ktoré prinášajú inšpiratívne riešenia ohľadom preukazovania dobrého mena ochrannej známky, ohľadom rozlišovacej spôsobilosti,...

Description complète

Enregistré dans:
Détails bibliographiques
Auteur principal: Stec, Andrej
Format: Chapitre de livre
Langue:slovaque
Sujets:
Tags: Ajouter un tag
Pas de tags, Soyez le premier à ajouter un tag!

MARC

LEADER 00000naa a2200000 4500
001 0239578
005 20220805073540.9
041 0 |a slo 
044 |a SK 
245 1 0 |a Prehľad aktuálnej judikatúry Všeobecného súdu EÚ v oblasti práva ochranných známok  |c Andrej Stec 
520 |a Niektoré zaujímavé judikáty Všeobecného súdu EÚ v oblasti práva ochranných známok. Výber sleduje aktuálne rozsudky, ktoré sa zaoberajú procesnými otázkami, ale tiež rozsudky, ktoré prinášajú inšpiratívne riešenia ohľadom preukazovania dobrého mena ochrannej známky, ohľadom rozlišovacej spôsobilosti, skutočného užívania, pravdepodobnosti zámeny, či ohľadom dostatočnosti odôvodnenia odvolacím senátom EUIPO. 
610 2 0 |a známky ochranné 
610 2 0 |a právo európske 
610 2 0 |a spory súdne 
610 2 0 |a ochrana autorstva 
610 2 0 |a právo priemyselné 
610 2 0 |a vlastníctvo duševné 
100 1 |a Stec, Andrej